Über die Karpaten städte und Landschaften in der Slowakei aus der Luft

Bibliographic Details
Main Author: Werner, Andreas (Author)
Format: Book
Language:German
PhysicalDescription:64 strán
Published: Berlin epubli 2024
ISBN:9783818717384

MARC

LEADER 00000nam a2200000 4500
001 vtls012289090
003 SK-MaSNL
005 20260301193120.0
008 251216s2024 gw 000 0 ger
020 |a 9783818717384  |q ( viazané) 
040 |a SNK  |b slo  |c SNK  |e rda 
041 0 |a ger 
044 |a gw  |c DE 
072 7 |2 konspekt 
080 |2 2011 
100 1 |a Werner, Andreas  |4 aut  |9 460508 
245 1 0 |a Über die Karpaten  |b städte und Landschaften in der Slowakei aus der Luft  |c Andreas Werner 
264 1 |a Berlin  |b epubli  |c 2024 
300 |a 64 strán 
336 |a text  |b txt  |2 rdacontent 
337 |a bez média  |b n  |2 rdamedia 
338 |a zväzok  |b nc  |2 rdacarrier 
852 |a Slovenská národná knižnica 
919 |a 978-3-8187-1738-4 
999 |c 876039  |d 877969 
952 |a SNK  |b SNK  |y NEVYP  |7 1  |o snk  |i snk  |8 4  |g 42.69  |0 0  |1 0  |4 0  |d 2025-12-16  |l 0  |r 2026-02-24 05:57:45  |w 2026-02-24